000 01535nam2a2200265 4500
001 rc\2939644
005 20241127103306.0
035 _a(NLR Aleph) 007213995
090 _a13631442
_c13631442
100 _a20110825d1934 u y0rusy50 ca
101 0 _arus
102 _aRU
105 _ach z |||||
200 1 _aВладимир Ильич Ленин
_eПоэма
_aХорошо!
_eОктябрьская поэма
_fРед. и прим. В. Катаняна
210 _a[Москва]
_cГос. изд-во худож. лит.
_d1934
_g1 тип. Трансжелдориздата
215 _aПереплет, 242, [2], 4 вкл. л. портр. и факс.
_cпортр., факс.
461 0 _1001rc\2939637
_12001#$aПолное собрание сочинений$eТ. 1-$fВ.В. Маяковский$gПод общей редакцией Л.Ю. Брик$vТ. 6
_1700#1$aМаяковский$bВ.В.$gВладимир Владимирович$f1893-1930
_97677269
_aМаяковский, В. В. (1893-1930)
_cМосква
_d1934-1937
_fВ.В. Маяковский
_nГослитиздат
_oТ. 1-
_tПолное собрание сочинений
_vТ. 6
600 1 _aЛенин
_bВ.И.
_f1870-1924
_gВладимир Ильич
_xв искусстве и литературе
702 1 _aКатанян
_bВ. А.
_f1902-1980
_gВасилий Абгарович
_3RU\NLR\AUTH\770274329
_4340
801 0 _aRU
_bNLR
_gpsbo
801 1 _aRU
_bELAR
_2rusmarc
852 _aNLR
_j34-16/115(6)
942 _cBOOK
980 _aNB